Score 0/50 Timer 05:00
0 Plays Today
% Correct
Hulk
99.3%
Bruce Wayne
98.7%
Spiderman
98%
Clark Kent
97.4%
Captain America
97.4%
Iron man
96.7%
Cyclops
96.1%
Diana Prince
94.7%
Harvey Dent
94.1%
Oswald Cobblepot
92.1%
Green Goblin
92.1%
J'onn J'onzz
91.4%
Beast
91.4%
Wally West
91.4%
Selina Kyle
91.4%
Oliver Queen
89.5%
Gambit
89.5%
Magneto
89.5%
Wolverine
88.8%
Nightcrawler
88.2%
Arthur Curry
87.5%
John Stewart
84.9%
Dinah Lance
83.6%
Mystique
83.6%
Venom
83.6%
% Correct
Psylocke
82.9%
Helena Bertinelli
82.2%
Jonathan Crane
82.2%
Sabretooth
80.9%
Pamela Isley
80.9%
Red Skull
80.3%
Slade Wilson
78.9%
Thor
78.3%
Juggernaut
78.3%
Lizard
78.3%
Apocalypse
71.7%
X-23
71.1%
Ronnie Raymond
69.7%
Ralph Dibny
68.4%
Carnage
68.4%
Floyd Lawton
67.1%
Leonard Snart
65.8%
Thomas Elliot
63.2%
William Hand
61.2%
Jefferson Pierce
60.5%
Arnold Wesker
59.2%
John Corben
55.3%
Shocker
48.7%
Hydro-Man
43.4%
Boomerang
37.5%
Remove Ads.
Support Sporcle.
Get the best of Sporcle when you Go Orange. This ad-free experience offers more features, more stats, and more fun while also helping to support Sporcle. Thank you for becoming a member.

You're not logged in!

Compare scores with friends on all Sporcle quizzes.
OR
Log In

Show Comments

Extras

Top Quizzes Today


Score Distribution

Your Account Isn't Verified!

In order to create a playlist on Sporcle, you need to verify the email address you used during registration. Go to your Sporcle Settings to finish the process.

Report this User

Report this user for behavior that violates our Community Guidelines.

Details: